000 03186cam a2200469 4500500
005 20260208003126.0
041 _afre
042 _adc
100 1 0 _aVoirol, Olivier
_eauthor
245 0 0 _aPathologies de l’espace public et agitation fasciste
260 _c2017.
500 _a49
520 _aLa présence de mouvements et partis de droite extrême dans la scène politique actuelle incite à revenir sur les recherches de la Théorie critique (de l’école de Francfort) sur l’agitation fasciste et les processus de communication. Les « pathologies de l’espace public » sont le fruit de contradictions objectives non résolues dans la modernité capitaliste. En asséchant l’espace public, son caractère politique et la raison pratique qui s’y déploie, l’agitation fasciste promeut à sa place une communauté fictive annulant tout sujet autonome et faisant de la culture un terreau acclamatif. Ceci permet de resituer l’étude des techniques d’information et de communication, comme des mass media et du journalisme, au sein d’un cadre conceptuel replaçant les activités communicationnelles dans le tissu social, économique et politique ; de là, différentes « leçons » sont tirées de ces recherches de la théorie critique pour analyser l’Internet des droites extrêmes.
520 _aThe presence of far-right movements and parties on the current political scene urges us to return to Critical Theory studies (of the Frankfurt School) on fascist agitation and communication processes. The “pathologies of the public sphere” are the fruit of objective unresolved contradictions in capitalist modernity. By draining the public sphere, its political nature and the practical reason deployed within it, fascist agitation instead promotes a fictive community that eliminates any autonomous subject by turning culture into a field of acclamations. This approach enables us to resituate the study of information and communication techniques and of mass media and journalism within a conceptual framework in which communication activities are embedded in the social, economic and political field. Various “lessons” are drawn from this research of Critical Theory to analyse the Internet of extreme right-wing movements.
690 _aAdorno
690 _aautoritarisme
690 _acommunication
690 _aculture
690 _aenquête
690 _aespace public
690 _afascisme
690 _aHabermas
690 _aLöwenthal
690 _amass media
690 _apathologies sociales
690 _aThéorie critique (école de Francfort)
690 _aAdorno
690 _aauthoritarianism
690 _acommunication
690 _aCritical Theory (Frankfurt School)
690 _aculture
690 _afascism
690 _aHabermas
690 _ainquiry
690 _aLöwenthal
690 _amass media
690 _apragmatism
690 _apublic sphere
690 _asocial pathologies
786 0 _nRéseaux | 202-203 | 2 | 2017-06-28 | p. 123-159 | 0751-7971
856 4 1 _uhttps://shs.cairn.info/revue-reseaux-2017-2-page-123?lang=fr&redirect-ssocas=7080
999 _c1647212
_d1647212